Trudy Leningradskogo obshchestva estestvoispytateleĭ = (Record no. 1766)

MARC details
000 -LEADER
fixed length control field 03967cas a2200781 a 4500
001 - CONTROL NUMBER
control field data
005 - DATE AND TIME OF LATEST TRANSACTION
control field 20260322212117.0
008 - FIXED-LENGTH DATA ELEMENTS--GENERAL INFORMATION
fixed length control field data
010 ## - LIBRARY OF CONGRESS CONTROL NUMBER
LC control number 59043947
016 7# - NATIONAL BIBLIOGRAPHIC AGENCY CONTROL NUMBER
Record control number 18320250R
Source DNLM
016 7# - NATIONAL BIBLIOGRAPHIC AGENCY CONTROL NUMBER
Record control number T23620000
Source DNLM
016 7# - NATIONAL BIBLIOGRAPHIC AGENCY CONTROL NUMBER
Record control number 009178181
Source Uk
019 ## -
-- 3996192
022 ## - INTERNATIONAL STANDARD SERIAL NUMBER
International Standard Serial Number 0371-9316
023 0# - CLUSTER ISSN
Cluster ISSN 0371-9316
029 1# - OTHER SYSTEM CONTROL NUMBER (OCLC)
OCLC library identifier AU@
System control number 000009426665
029 1# - OTHER SYSTEM CONTROL NUMBER (OCLC)
OCLC library identifier NLM
System control number 18320250R
030 ## - CODEN DESIGNATION
CODEN TLOEAU
035 ## - SYSTEM CONTROL NUMBER
System control number (OCoLC)1755777
040 ## - CATALOGING SOURCE
Original cataloging agency DLC
Language of cataloging eng
Transcribing agency MUL
Modifying agency OCLCQ
-- SER
-- DLC
-- CRL
-- NLM
-- OCLCQ
-- UKMGB
-- OCLCQ
-- OCLCF
-- OCLCO
-- OCLCQ
-- OCLCO
-- OCLCA
-- OCLCQ
-- OCLCL
-- OCLCQ
042 ## - AUTHENTICATION CODE
Authentication code pcc
050 00 - LIBRARY OF CONGRESS CALL NUMBER
Classification number Q60
Item number .L48
060 00 - NATIONAL LIBRARY OF MEDICINE CALL NUMBER
Classification number W1
Item number LE828
066 ## - CHARACTER SETS PRESENT
Alternate G0 or G1 character set (N
245 00 - TITLE STATEMENT
Linkage 880-01
Title Trudy Leningradskogo obshchestva estestvoispytateleĭ =
Remainder of title Travaux de la Société des naturalistes de Leningrad.
246 1# - VARYING FORM OF TITLE
Display text Issues for <1961-> have English title:
Title proper/short title Transactions of the Leningrad Society of Naturalists
246 31 - VARYING FORM OF TITLE
Title proper/short title Travaux de la Société des naturalistes de Leningrad
246 13 - VARYING FORM OF TITLE
Linkage 880-02
Title proper/short title Trudy LOE
260 ## - PUBLICATION, DISTRIBUTION, ETC.
Linkage 880-03
Place of publication, distribution, etc. Leningrad :
Name of publisher, distributor, etc. Gosudarstvennoe izd-vo,
Date of publication, distribution, etc. 1924-
300 ## - PHYSICAL DESCRIPTION
Extent volumes :
Other physical details illustrations ;
Dimensions 22-26 cm
310 ## - CURRENT PUBLICATION FREQUENCY
Current publication frequency Irregular
336 ## - CONTENT TYPE
Content type term text
Content type code txt
Source rdacontent
337 ## - MEDIA TYPE
Media type term unmediated
Media type code n
Source rdamedia
338 ## - CARRIER TYPE
Carrier type term volume
Carrier type code nc
Source rdacarrier
362 0# - DATES OF PUBLICATION AND/OR SEQUENTIAL DESIGNATION
Linkage 880-04
Dates of publication and/or sequential designation T. 53, vyp. 2-
362 1# - DATES OF PUBLICATION AND/OR SEQUENTIAL DESIGNATION
Dates of publication and/or sequential designation Ceased in 1991.
500 ## - GENERAL NOTE
General note Title from cover.
500 ## - GENERAL NOTE
Linkage 880-05
General note Each "vyp." devoted to a particular section of the Society and called: Otdelenie zoologii i fiziologii, Otdelenie geologii i mineralogii, and: Otdelenie botaniki; in addition, one "vyp." each year is devoted to the Society's meetings and called: Protokoly zasedaniĭ, nauchnye statʹi i soobshchenii͡a.
510 2# - CITATION/REFERENCES NOTE
Name of source Chemical abstracts
International Standard Serial Number 0009-2258
515 ## - NUMBERING PECULIARITIES NOTE
Numbering peculiarities note Some "vyp." issued out of chronological sequence.
515 ## - NUMBERING PECULIARITIES NOTE
Numbering peculiarities note Some "vyp." have combined v.: e.g., T. 39-53, vyp. 4
530 ## - ADDITIONAL PHYSICAL FORM AVAILABLE NOTE
Additional physical form available note Also issued on microfilm from Harvard University Library Microreprographic Service.
588 1# - SOURCE OF DESCRIPTION NOTE
Source of description note T. 75, vyp. 3, published 1982.
590 ## - LOCAL NOTE (RLIN)
Local note SERBIB/SERLOC merged record
650 #0 - SUBJECT ADDED ENTRY--TOPICAL TERM
Topical term or geographic name entry element Science.
650 #2 - SUBJECT ADDED ENTRY--TOPICAL TERM
Topical term or geographic name entry element Science.
650 #7 - SUBJECT ADDED ENTRY--TOPICAL TERM
Topical term or geographic name entry element Science.
Source of heading or term fast
Authority record control number or standard number (OCoLC)fst01108176
655 #2 - INDEX TERM--GENRE/FORM
Genre/form data or focus term Periodical.
710 2# - ADDED ENTRY--CORPORATE NAME
Corporate name or jurisdiction name as entry element Leningradskoe obshchestvo estestvoispytateleĭ.
Real World Object URI https://id.oclc.org/worldcat/entity/E39QH7Jmtgv9r4yBP7rj7cfmtg
730 0# - ADDED ENTRY--UNIFORM TITLE
Uniform title Protokoly zasedaniĭ, nauchnye statʹi i soobshchenii͡a.
776 1# - ADDITIONAL PHYSICAL FORM ENTRY
Qualifying information Microfilm
Place, publisher, and date of publication Harvard University Library Microreprographic Service
Record control number (OCoLC)32019858
-- (OCoLC)32019858
776 08 - ADDITIONAL PHYSICAL FORM ENTRY
Relationship information Online version:
Title Trudy Leningradskogo obshchestva estestvoispytateleĭ
Record control number (OCoLC)647452019
780 00 - PRECEDING ENTRY
Title Trudy Petrogradskago obshchestva estestvoispytateleĭ
Record control number (OCoLC)35841231
-- (OCoLC)35841231
785 00 - SUCCEEDING ENTRY
Title Trudy S.-Peterburgskogo obshchestva estestvoispytateleĭ
Record control number (OCoLC)28446465
880 00 - ALTERNATE GRAPHIC REPRESENTATION
Linkage 245-01/(N
a (NtRUDY(B (NlENINGRADSKOGO(B (NOB]ESTWA(B (NESTESTWOISPYTATELEJ(B =
b Travaux de la Société des naturalistes de Leningrad.
880 13 - ALTERNATE GRAPHIC REPRESENTATION
Linkage 246-02/(N
a (NtRUDY(B (Nloe(B
880 ## - ALTERNATE GRAPHIC REPRESENTATION
Linkage 260-03/(N
a (NlENINGRAD(B :
b (NgOSUDARSTWENNOE(B (NIZD(B-(NWO(B,
c 1924-
880 0# - ALTERNATE GRAPHIC REPRESENTATION
Linkage 362-04/(N
a (Nt(B. 53, (NWYP(B. 2-
880 ## - ALTERNATE GRAPHIC REPRESENTATION
Linkage 500-05/(N
a Each "vyp." devoted to a particular section of the Society and called: (NoTDELENIE(B (NZOOLOGII(B (NI(B (NFIZIOLOGII(B, (NoTDELENIE(B (NGEOLOGII(B (NI(B (NMINERALOGII(B, and: (NoTDELENIE(B (NBOTANIKI(B; in addition, one "vyp." each year is devoted to the Society's meetings and called: (NpROTOKOLY(B (NZASEDANIJ(B, (NNAU^NYE(B (NSTATXI(B (NI(B (NSOOB]ENIQ(B.
890 ## -
-- Leningradskoe obshchestvo estestvoispytateleĭ. Trudy. (Leningrad. 1870- .
-- 59-43947
906 ## - LOCAL DATA ELEMENT F, LDF (RLIN)
a 7
b cbc
c serials
d 3
e ncip
f 19
g n-oclcserc
920 ## -
-- Keep 1
991 ## -
-- c-GenColl
-- Q60
-- .L48
-- SERIALS
991 ## -
-- c-GenColl
-- Q60
-- .L48
-- 00002215287
-- Copy 1
-- 7
-- CCF
991 ## -
-- c-GenColl
-- Q60
-- .L48
-- 0001865085A
-- Copy 1
-- 63-64:1-2
-- CCF
992 ## -
-- EUR RR
-- SERLOC
Holdings
Withdrawn status Lost status Damaged status Not for loan Home library Current library Shelving location Date acquired Total checkouts Full call number Barcode Date last seen Price effective from Koha item type
        Franklin Franklin General stacks 22/03/2026   Q60 LOC-FRL-00002 22/03/2026 22/03/2026 Books